| 000 -LEADER |
| fixed length control field |
01045cam a22002774a 4500 |
| 020 ## - INTERNATIONAL STANDARD BOOK NUMBER |
| ISBN |
9781844075683 (hbk. : Earthscan) |
| 020 ## - INTERNATIONAL STANDARD BOOK NUMBER |
| ISBN |
1844075680 (hbk. : Earthscan) |
| 020 ## - INTERNATIONAL STANDARD BOOK NUMBER |
| ISBN |
9781844075690 (pbk. : Earthscan) |
| 020 ## - INTERNATIONAL STANDARD BOOK NUMBER |
| ISBN |
1844075699 (pbk. : Earthscan) |
| 020 ## - INTERNATIONAL STANDARD BOOK NUMBER |
| ISBN |
9789251059623 (pbk. : FAO) |
| 020 ## - INTERNATIONAL STANDARD BOOK NUMBER |
| ISBN |
9251059624 (pbk. : FAO) |
| 040 ## - CATALOGING SOURCE |
| Transcribing agency |
DLC |
| 082 00 - DEWEY DECIMAL CLASSIFICATION NUMBER |
| Classification number |
338 FOO 2008 A015 Or. |
| 245 04 - TITLE STATEMENT |
| Title |
The transformation of agri-food systems : |
| Remainder of title |
globalization, supply chains and smallholder farmers / |
| 260 ## - PUBLICATION, DISTRIBUTION, ETC. (IMPRINT) |
| Place of publication |
Rome : |
| Name of publisher |
Food and Agriculture Organization of the United Nations ; |
| Place of publication |
London ; |
| -- |
Sterling, VA : |
| Name of publisher |
Earthscan, |
| Year of publication |
2008. |
| 300 ## - PHYSICAL DESCRIPTION |
| Number of Pages |
xxiii, 381 p. : |
| Other physical details |
ill. ; |
| Dimensions |
25 cm. |
| 650 #0 - SUBJECT ADDED ENTRY--TOPICAL TERM |
| Topical Term |
Food supply |
| 650 #0 - SUBJECT ADDED ENTRY--TOPICAL TERM |
| Topical Term |
Farms, Small |
| 650 #0 - SUBJECT ADDED ENTRY--TOPICAL TERM |
| Topical Term |
Food industry and trade |
| 700 1# - ADDED ENTRY--PERSONAL NAME |
| Personal name |
McCullough, Ellen B. |
| 700 1# - ADDED ENTRY--PERSONAL NAME |
| Personal name |
Pingali, Prabhu L., |
| 700 1# - ADDED ENTRY--PERSONAL NAME |
| Personal name |
Stamoulis, Kostas G. |
| 710 2# - ADDED ENTRY--CORPORATE NAME |
| Corporate name or jurisdiction name as entry element |
Food and Agriculture Organization of the United Nations. |
| 856 41 - ELECTRONIC LOCATION AND ACCESS |
| Uniform Resource Identifier |
http://www.loc.gov/catdir/toc/ecip0814/2008011461.html |
| 942 ## - ADDED ENTRY ELEMENTS (KOHA) |
| Koha item type |
សៀវភៅភាសាអង់គ្លេស |
| 952 ## - LOCATION AND ITEM INFORMATION (KOHA) |
| Withdrawn status [LOCAL, KOHA] |
0 |